000 00547nam a2200169Ia 4500
008 090201s9999 xx 000 0 und d
010 _aKPL-48247
040 _bमराठी
041 _aमराठी
082 _a35242
_b48247
100 _aप्रशांत पोखरकर
245 _aपराभूत माणसं
_cप्रशांत पोखरकर
260 _c2004
_bपुष्प प्रकाशन
300 _a135
_bमोठा
600 _aपराभूत माणसं
942 _cBOOK
999 _c233382
_d233382